<?xml version="1.0" encoding="UTF-8"?>
<collection xmlns="http://www.loc.gov/MARC21/slim">
 <record>
  <leader>00680cam a2200229 7i4500</leader>
  <controlfield tag="001">0000010025</controlfield>
  <controlfield tag="005">20200407090000.0</controlfield>
  <controlfield tag="008">200407s1987    my #   ###   #00001eng##</controlfield>
  <datafield tag="040" ind1="#" ind2="#">
   <subfield code="a">UMT</subfield>
  </datafield>
  <datafield tag="090" ind1="0" ind2="0">
   <subfield code="a">TA 666 </subfield>
   <subfield code="b">.C4 1987</subfield>
  </datafield>
  <datafield tag="100" ind1="1" ind2="#">
   <subfield code="a">Chu, Yue Pun </subfield>
   <subfield code="e">author </subfield>
  </datafield>
  <datafield tag="245" ind1="1" ind2="0">
   <subfield code="a">Structural timber joints  </subfield>
   <subfield code="c">Chu Yue Pun.</subfield>
  </datafield>
  <datafield tag="264" ind1="#" ind2="0">
   <subfield code="a">Kepong: </subfield>
   <subfield code="b">Forest Research Institute Malaysia, </subfield>
   <subfield code="c">1987.</subfield>
  </datafield>
  <datafield tag="300" ind1="#" ind2="#">
   <subfield code="a">109 pages; </subfield>
   <subfield code="c">22 cm.</subfield>
  </datafield>
  <datafield tag="336" ind1="#" ind2="#">
   <subfield code="a">text</subfield>
   <subfield code="2">rdacontent</subfield>
  </datafield>
  <datafield tag="337" ind1="#" ind2="#">
   <subfield code="a">unmediated</subfield>
   <subfield code="2">rdamedia</subfield>
  </datafield>
  <datafield tag="338" ind1="#" ind2="#">
   <subfield code="a">volume</subfield>
   <subfield code="2">rdacarrier</subfield>
  </datafield>
  <datafield tag="490" ind1="1" ind2="#">
   <subfield code="v"> no.32</subfield>
  </datafield>
  <datafield tag="590" ind1="#" ind2="#">
   <subfield code="a">Perpustakaan Sultanah Nur Zahirah</subfield>
  </datafield>
  <datafield tag="650" ind1="#" ind2="0">
   <subfield code="a">Timber joints </subfield>
  </datafield>
  <datafield tag="830" ind1="#" ind2="0">
   <subfield code="v"> no.32</subfield>
  </datafield>
  <datafield tag="999" ind1=" " ind2=" ">
   <subfield code="a">1000400948</subfield>
   <subfield code="b">Book</subfield>
   <subfield code="c">Open Shelf</subfield>
   <subfield code="e">KOLEKSI TERBUKA</subfield>
  </datafield>
 </record>
</collection>
